LEADER 00492nas a2200157 i 4500 001 000000132735 003 CaOOAMICUS 005 20041215000000.0 008 041215b it uu u0 0ita r 013 $a105744 040 $aSeMil$bita 245 10$aTitolo mancante. 773 0 $tRealtà sociale d'oggi.$dMilano : [s.n.] $w()2701 850 $aSeMil 852 $aSeMil$W1$xVenegono$y1$m106 5 1-6$j86637$B86637$CSeMilBibl$Z2$F90390 $82 996 $6245$aTitolo mancante$9(OLS)http://semarc/title/46445 LEADER 00930nam a2200253 4500 001 000000351064 003 CaOOAMICUS 005 20220729150732.0 008 220729s2008 it 000 u ita r 020 $a978-88-04-57971-7 040 $aSeMil$bita 100 1 $aManfredi, Valerio Massimo,$d<1943- >.$0(OLS)http://semarc/name/94626 245 10$aIdi di marzo /$cValerio Massimo Manfredi. 264 1$aMilano :$bMondadori,$c2008. 300 $a259 p. ;$c23 cm 490 1 $aOmnibus 830 0$aOmnibus.$0(OLS)http://semarc/title/6831 850 $aSeMil 852 $aSeMil$W1$xVenegono$y1$m1A V 100$j235040$B242123$CSeMilBibl$Z2$F242123 $81 961 $aPontiggia don Virginio - Omaggio 996 $6020$a978-88-04-57971-7$9(OLS)http://semarc/number/296396 996 $6245$aIdi di marzo$9(OLS)http://semarc/title/440865 996 $6264$aMilano :$bMondadori$9(OLS)http://semarc/publisher/30335